| 000 | 00586nam a2200145Ia 4500 | ||
|---|---|---|---|
| 008 | 170221s9999 xx 000 0 und d | ||
| 100 | _aOlga Astaf’eva | ||
| 245 | _aFeatures of Formation and Realization of Resource Saving Measures Complex Aimed to Solve Social, Ecological and Economic Problems of the Russian Construction Industry | ||
| 245 | _cOlga Astaf’eva, Irina Potapova | ||
| 260 | _bInternational Review of Management and Marketing | ||
| 260 | _cMay 2014 | ||
| 300 | _a3:2 | ||
| 650 | _xMarketing. | ||
| 856 | _uhttp://www.econjournals.com/index.php/irmm/issue/view/70 | ||
| 999 |
_c310149 _d310149 |
||